The Imperatives of Sustainable Development Needs, Justice, Limits
Gespeichert in:
| 1. Verfasser: | |
|---|---|
| Weitere Verfasser: | , |
| Format: | Buch |
| Sprache: | Englisch |
| Veröffentlicht: |
Abingdon
Routledge/Taylor & Francis Group
2026
|
| Ausgabe: | 2nd Edition |
| Schlagworte: | |
| Tags: |
Keine Tags, Fügen Sie das erste Tag hinzu!
|
MARC
| LEADER | 00000nam a2200000 4500 | ||
|---|---|---|---|
| 001 | 0315332 | ||
| 005 | 20260319134745.5 | ||
| 020 | |a 9781040539163 | ||
| 041 | 0 | |a eng | |
| 044 | |a GB | ||
| 245 | 1 | 0 | |a The Imperatives of Sustainable Development |b Needs, Justice, Limits |c Erling Holden, Kristin Linnerud and David Banister |
| 250 | |a 2nd Edition | ||
| 264 | 1 | |a Abingdon |b Routledge/Taylor & Francis Group |c 2026 | |
| 300 | |a 432 s. | ||
| 500 | |a ProQuest e-books. | ||
| 610 | 2 | 0 | |a rozvoj trvalo udržateľný |
| 610 | 2 | 0 | |a udržateľnosť |
| 610 | 2 | 0 | |a ekológia |
| 610 | 2 | 0 | |a história |
| 100 | 1 | |a Holden, Erling | |
| 700 | 1 | |a Linnerud, Kristin | |
| 700 | 1 | |a Banister, David | |